| 000 | 00383nam a2200133Ia 4500 | ||
|---|---|---|---|
| 008 | 221224s9999||||xx |||||||||||||| ||und|| | ||
| 082 |
_a242 _bAGR/M |
||
| 100 | _aAgrawala, Vasudeva S. | ||
| 245 | 0 | _aMatsya Puranam : A Study; An Exposition of the Ancient Purana-Vidya | |
| 250 | _a1st Edition | ||
| 260 |
_aVaranasi _bAll India Kashiraj Trust&c1963 |
||
| 300 | _a460 | ||
| 942 | _cVB | ||
| 999 |
_c39342 _d39342 |
||